|
|
|
|
| LEADER |
00000naa2a2200000 4500 |
| 001 |
393812 |
| 005 |
20231101064429.0 |
| 035 |
|
|
|a (RuTPU)RU\TPU\prd\30110
|
| 090 |
|
|
|a 393812
|
| 100 |
|
|
|a 20041118a2004 k y0rusy50 ca
|
| 101 |
0 |
|
|a rus
|
| 102 |
|
|
|a RU
|
| 200 |
1 |
|
|a Предварительный двухканальный усилитель с балансными входами NM2118
|f Ю. Садиков
|
| 225 |
1 |
|
|a Практика
|
| 461 |
|
1 |
|0 (RuTPU)RU\TPU\prd\2494
|t Схемотехника
|o научно-технический журнал
|d 2002-2007
|
| 463 |
|
1 |
|0 (RuTPU)RU\TPU\prd\28393
|t № 9
|v С. 50-52
|d 2004
|
| 610 |
1 |
|
|a усилители
|
| 610 |
1 |
|
|a двухканальные усилители
|
| 610 |
1 |
|
|a предварительные усилители
|
| 610 |
1 |
|
|a усилители низкой частоты
|
| 610 |
1 |
|
|a стереофонический усилитель
|
| 610 |
1 |
|
|a балансный выход
|
| 700 |
|
1 |
|a Садиков
|b Ю.
|
| 801 |
|
1 |
|a RU
|b 63413507
|c 20041118
|g PSBO
|
| 801 |
|
2 |
|a RU
|b 63413507
|c 20131218
|g RCR
|
| 942 |
|
|
|c BK
|